An experimental study of the effect of microwave pulses on personal computer performance; Radiotekhnika i Elektronika; Vol. 26, № 8

Bibliographic Details
Parent link:Radiotekhnika i Elektronika.— , 2001
Vol. 26, № 8.— 2001.— P. 1020-1024
Other Authors: Yushkov Yu. G., Chumerin P. Yu., Artemenko S. N., Zelentsov D. V., Novikov S. A. Sergey Avtonomovich
Summary:The performance of a personal computer affected by microwave pulses is investigated experimentally in a wide range of pulse durations and repetition frequencies. The shortest nanosecond microwave pulses were obtained using the method of resonance time compression. The criterial radiation levels causing computer malfunction are analyzed as functions of the duration and repetition frequency of microwave pulses. It is shown that, when the pulse duration is as low as a few nanoseconds, the effect of the pulses increases with the repetition frequency
В фонде НТБ ТПУ отсутствует
Language:Russian
Published: 2001
Subjects:
Format: MixedMaterials Book Chapter
KOHA link:https://koha.lib.tpu.ru/cgi-bin/koha/opac-detail.pl?biblionumber=602254

MARC

LEADER 00000naa0a2200000 4500
001 602254
005 20250227163846.0
035 |a (RuTPU)RU\TPU\tpu\27716 
035 |a RU\TPU\tpu\27715 
090 |a 602254 
100 |a 20150813d2001 k||y0rusy50 ca 
101 0 |a rus 
102 |a RU 
200 1 |a An experimental study of the effect of microwave pulses on personal computer performance  |f Yu. G. Yushkov [et al.] 
330 |a The performance of a personal computer affected by microwave pulses is investigated experimentally in a wide range of pulse durations and repetition frequencies. The shortest nanosecond microwave pulses were obtained using the method of resonance time compression. The criterial radiation levels causing computer malfunction are analyzed as functions of the duration and repetition frequency of microwave pulses. It is shown that, when the pulse duration is as low as a few nanoseconds, the effect of the pulses increases with the repetition frequency 
333 |a В фонде НТБ ТПУ отсутствует 
461 |t Radiotekhnika i Elektronika  |d 2001 
463 |t Vol. 26, № 8  |v P. 1020-1024  |d 2001 
610 1 |a труды учёных ТПУ 
701 1 |a Yushkov  |b Yu. G. 
701 1 |a Chumerin  |b P. Yu. 
701 1 |a Artemenko  |b S. N. 
701 1 |a Zelentsov  |b D. V. 
701 1 |a Novikov  |b S. A.  |c specialist in electrical engineering  |c Professor of Tomsk Polytechnic University, doctor of physical and mathematical sciences  |f 1949-  |g Sergey Avtonomovich  |3 (RuTPU)RU\TPU\pers\32424  |9 16373 
801 1 |a RU  |b 63413507  |c 20150813 
801 2 |a RU  |b 63413507  |c 20150813  |g RCR 
942 |c CR